| 000 | 00715nam a2200181 i 4500 | ||
|---|---|---|---|
| 001 | 164789 | ||
| 003 | ES-MaACL | ||
| 005 | 20250713083008.0 | ||
| 008 | 990727s1890 sp |||| | spa d | ||
| 100 | 1 |
_aSarabia Pardo, A. _9132470 |
|
| 245 | 1 | 0 |
_aManual del consejo de familia _b: la tutela y la protutela / _cpor A. y J. Sarabia Pardo. |
| 260 |
_aMadrid : _b[s.n.], _c1890 ( _fR. Velasco, impresor) |
||
| 300 |
_a119 p. ; _c20 cm. |
||
| 650 | 0 | 4 |
_aTutela- _zEspaña. _917676 |
| 700 | 1 |
_aSarabia y Pardo, Jesús, _d1865-1943 _9103740 |
|
| 852 |
_aES-MaACL _jT-573-F-2 _z- Enc. hol. conservando la cub. original _z. - Dedic. ms. del autor al Ateneo de Madrid _z- Enc. en un vol. facticio |
||
| 999 |
_c164789 _d164789 |
||